[Event "Geneva FIDE GP"]
[Site "Geneva"]
[Date "2017.07.15"]
[Round "9"]
[White "Svidler, Peter"]
[Black "Hou, Yifan"]
[Result "1-0"]
[WhiteElo "2749"]
[BlackElo "2666"]
[Annotator "Roiz,Michael"]
[PlyCount "61"]
[EventDate "2017.07.06"]
[EventType "swiss"]
[EventRounds "9"]
[EventCountry "SUI"]
[SourceTitle "CBM 180"]
[Source "ChessBase"]
[SourceDate "2017.09.13"]
[SourceVersion "1"]
[SourceVersionDate "2017.09.13"]
[SourceQuality "1"]

1. c4 e6 2. Nc3 d5 3. d4 Nf6 4. cxd5 Nxd5 5. e4 Nxc3 6. bxc3 c5 7. Rb1 {Peter is emloying a considerably rare continuation, that enables White to avoid the major simplifications.} ({The main line} 7. Nf3 cxd4 8. cxd4 Bb4+ 9. Bd2 Bxd2+ 10. Qxd2 O-O {has proved to be very solid for Black.}) 7... Be7 8. Nf3 (8. Bb5+ {was also recently tested on the highest level:} Bd7 9. Bxd7+ (9. Nf3 Bxb5 10. Rxb5 b6 11. O-O O-O $11) 9... Qxd7 10. d5 exd5 11. exd5 O-O 12. Nf3 Bf6 13. O-O b5 $132 {Aronian,L - Vallejo Pons,F Sharjah UAE 2017}) 8... O-O 9. Bc4 {This is the most natural way of development. White's bishop is supporting the thematic d4-d5 advance now.} (9. Bd3 cxd4 10. cxd4 Nc6 {offers Black comfortable play due to the pressure on the d4-pawn.}) 9... Nc6 ({The more modest} 9... Nd7 10. O-O Qc7 11. Qe2 b6 12. d5 exd5 13. Bxd5 Bb7 14. Bf4 Qxf4 15. Bxb7 Rab8 16. Bc6 $14 {(Vitiugov,N - Miton,K Czech Republic CZE 2013) didn't offer Black a full equality.}) 10. O-O b6 $146 {A natural novelty. There is no reason for delaying the development of the passive c8-bishop.} ({The preceding encounter was played almost half a century ago:} 10... Qc7 11. Qe2 b6 12. Rd1 Na5 13. Bd3 Bb7 14. d5 c4 15. Bc2 e5 16. Be3 $14 {Polugaevsky,L-Petrosian,T Soviet Union 1970}) 11. d5 $1 {Only this ambitious continuation might pose Black any problems.} (11. Bf4 Bb7 12. Re1 cxd4 13. cxd4 Rc8 $11) 11... Na5 (11... exd5 12. Bxd5 Qc7 13. Re1 $14 {looks rather passive for Black.}) 12. Bd3 c4 {This move makes the d5-pawn vulnerable. On the other hand, the a5-knight is definitely misplaced now.} 13. Bc2 exd5 14. exd5 Bb7 {Black's main counterplay is based on attacking the d5, but the g8 is getting more exposed now.} ({Possibly, a safer try was} 14... Bg4 $5 15. Qe2 (15. h3 Bh5 16. Re1 Bd6 $132) (15. Bf4 Nb7 16. h3 Bh5 17. Re1 Bd6 $132) 15... Bh5 $1 16. Re1 Bd6 $132 {securing the king and intending to attack the d5-pawn in the long run.}) 15. Re1 Bf6 $2 {This move is inviting serious troubles - Black shouldn't let White advance the passer.} ({A much better move was} 15... Qd6 $1 16. Ne5 (16. Rb5 a6 17. Rb1 Rae8 18. Be3 Bd8 $132) 16... Qxd5 17. Qg4 Rad8 18. Qh3 f5 19. Bf4 Bc8 $1 {, and it looks like White has sufficient play for a pawn, but hardly more. For instance,} 20. Rbd1 (20. Ng6 hxg6 21. Rxe7 Rfe8 22. Rxg7+ Kxg7 23. Qh6+ Kg8 24. Qxg6+ Kh8 {with a perpetual}) 20... Qc5 21. g4 Rxd1 22. Rxd1 Bg5 $1 23. Bg3 h6 24. gxf5 Nc6 25. Nd7 Bxd7 26. Rxd7 Ne5 {and Black is OK.}) 16. d6 $146 {Of course, GM Svidler doesn't miss this chance.} (16. Ba3 $6 {is much weaker:} Re8 17. Rxe8+ Qxe8 18. Qd2 Qd7 19. Rd1 Rd8 20. d6 Bxf3 21. gxf3 g6 $132) ({RR} 16. Ba3 Re8 17. Rxe8+ Qxe8 18. Bb4 Qd7 19. d6 Nc6 20. Ba4 a6 21. Ba3 b5 22. Bc2 Re8 23. Qd2 Ne5 24. Nxe5 Rxe5 25. f3 Bg5 26. Qd1 Be3+ 27. Kh1 f5 28. Qe1 Bc6 29. Qh4 g5 30. Qh5 Qe6 {Chirivi C,Y (2198)-Dominguez,M (2021) Medellin COL 2023 0-1 (41)}) ({RR} 16. Ba3 Re8 17. Rxe8+ Qxe8 18. Bb4 Qd7 19. d6 Nc6 20. Ba4 a6 21. Ba3 b5 22. Bc2 Re8 23. Qd2 Ne5 24. Nxe5 Rxe5 25. f3 Bg5 26. Qd1 Be3+ 27. Kh1 f5 28. Qe1 Bc6 29. Qh4 g5 30. Qh5 Qe6 {Chirivi C,Y (2198)-Dominguez,M (2021) Medellin COL 2023 0-1 (41)}) 16... Re8 ({In the event of} 16... Qd7 17. Ne5 Bxe5 18. Rxe5 Rfe8 19. Bf4 Rxe5 20. Bxe5 Re8 21. Bg3 $16 {White's powerful bishops would support the passer, so Black is in big troubles.}) 17. Rxe8+ Qxe8 18. Bf4 Rd8 (18... Qd7 19. Nd4 g6 20. Ba4 Nc6 21. Qd2 $16) 19. Bf5 $1 {Now the passer has perfect support from both White's bishops.} g6 $2 {The decisive mistake.} ({It was necessary to remove the queen from the back-rank:} 19... Qc6 20. d7 g6 21. Bh3 Bxc3 22. Rc1 {, even though White's initiative lasts there too:} Bf6 23. Qe2 Qe4 24. Qxe4 Bxe4 25. Bc7 Rf8 26. Ne5 $36) 20. d7 Qf8 ({A more stubborn option was} 20... Qe7 21. Bh3 Bc6 22. Bc7 Rxd7 23. Bxd7 Qxd7 24. Qxd7 Bxd7 25. Be5 $18 {, but White should be able to convert his material advantage into a full point.}) 21. Bh3 Be4 22. Rc1 {White is not in a rush.} Qc5 (22... Nb7 {offered no hope either:} 23. Bc7 Nc5 24. Bxd8 Qxd8 25. Qe2 $18) 23. Qe2 Bf5 {Alas, this move doesn't help Black to release the tension.} 24. Rd1 Bxh3 25. gxh3 Kg7 ({Or} 25... Nb7 26. Qe4 Qf5 27. Qxf5 gxf5 28. Bc7 Rf8 29. Nd4 $18) 26. Rd6 $1 {The most effective.} Bxc3 (26... Nb7 27. Rxf6 Kxf6 28. Be5+ Ke7 29. Bd4+ $18) 27. Ng5 {All Black's pieces are too far away from the king, so White's attack is unstoppable.} Qf5 28. Qe7 {The rest is just an agony.} h6 29. Ne6+ Kh7 30. Nxd8 Qxf4 31. Nxf7 1-0

[Event "Sharjah FIDE GP"]
[Site "Sharjah"]
[Date "2017.02.19"]
[Round "2"]
[White "Li, Chao B"]
[Black "Hou, Yifan"]
[Result "1/2-1/2"]
[WhiteElo "2720"]
[BlackElo "2651"]
[Annotator "Krasenkow,Michal"]
[PlyCount "190"]
[EventDate "2017.02.18"]
[EventType "swiss"]
[EventRounds "9"]
[EventCountry "UAE"]
[SourceTitle "CBM 177"]
[Source "ChessBase"]
[SourceDate "2017.03.16"]
[SourceVersion "1"]
[SourceVersionDate "2017.03.16"]
[SourceQuality "1"]

1. d4 d5 2. c4 e6 3. Nc3 Nf6 4. cxd5 exd5 5. Bg5 Be7 6. e3 h6 7. Bh4 c6 8. Bd3 O-O 9. Nf3 Ne4 10. Bg3 {A rare, rather harmless continuation. Black has already played ...h7-h6 so after ...e4xg3 h2xg3 he doesn't lose a tempo.} (10. Bxe7 Qxe7 {is common, and now} 11. Qc2 $5 Re8 (11... Bf5 12. Ne5 $1 {e.g.} Nxc3 13. Bxf5 Nb5 14. O-O Nd6 15. Rae1 Nxf5 16. Qxf5 Rd8 17. e4 $5 $36 {1-0 (36) Lilienthal,A-Kotov,A Budapest 1950}) 12. O-O Nd7 {transposing to a position seen in hundreds of games.}) ({RR} 10. Bxe7 Qxe7 11. O-O Bf5 12. Qc2 Re8 13. Rfe1 Nd7 14. Nd2 Ndf6 15. Ncxe4 Bxe4 16. Bxe4 Nxe4 17. Nxe4 Qxe4 18. Qxe4 Rxe4 19. Rac1 {½-½ (19) Donchenko,A (2632)-Bluebaum,M (2615) Playchess.com INT 2021}) 10... Bf5 {A logical move.} (10... f5 {weakens Black's position too much:} 11. Ne5 Qe8 12. Qb3 Nxg3 13. hxg3 Nd7 14. f4 Nxe5 15. fxe5 a5 16. Ne2 a4 17. Qc2 c5 18. Nf4 c4 19. Be2 Be6 20. Bh5 Qd7 21. Bg6 $14 {1/2 (36) Volkov,S (2593)-Galinsky,T (2416) Fagernes 2013}) (10... Nxg3 $5 11. hxg3 Nd7 12. Nh4 Bxh4 13. Rxh4 Nf6 $11 {0-1 (28) Calotescu,D (2165)-Barzanu,I (2117) Eforie Nord 2001}) 11. Qc2 ({RR} 11. Bxe4 Bxe4 12. Nxe4 dxe4 13. Nd2 Bb4 14. O-O Bxd2 15. Qxd2 Nd7 16. d5 Nf6 17. Qb4 Nxd5 18. Qxb7 Qb6 19. Qd7 Rfd8 20. Qf5 Qxb2 21. Qxe4 Rac8 22. Be5 Nc3 23. Bxc3 Qxc3 24. Qa4 Rc7 25. Rac1 Qb2 {L'Ami,E (2630)-Blohberger,F (2510) Czech Republic CZE 2026 ½-½ (68)}) 11... Bb4 $146 {A safe move urging White to castle short.} (11... Nxg3 {is possible, too:} 12. hxg3 Bxd3 13. Qxd3 Nd7 {when White's attacking attempt} 14. g4 {is logical but not killing:} Bf6 15. Rh5 Re8 16. O-O-O Nf8 17. Kb1 Qe7 18. Rdh1 {, and now Black should have played} Nh7 $13 (18... Ng6 $4 {1-0 (90) Ivanov,J (2398)-Delorme,A (2288) Pornic 2011} 19. g5 $1 Bxg5 20. Nxg5 hxg5 21. Rh8+ Nxh8 22. Qh7+ Kf8 23. Qxh8#)) ({RR} 11... Re8 12. O-O Nxg3 13. hxg3 Bxd3 14. Qxd3 Nd7 15. Rab1 a5 16. a3 a4 17. Qc2 Qa5 18. Rfd1 Bf8 19. g4 g6 20. e4 Nf6 21. exd5 cxd5 22. Ne5 Kg7 23. Qd3 Bd6 24. f4 Qb6 25. Qb5 Qa7 26. Qe2 {Enchev,I (2445)-Petrov,M (2534) Shumen 2022 0-1 (48)}) ({RR} 11... Nxg3 12. hxg3 Bxd3 13. Qxd3 Nd7 14. g4 Bf6 15. Rh5 Re8 16. O-O-O Nf8 17. Kb1 Qe7 18. Rdh1 Ng6 19. g3 Qe6 20. Qf5 Qxf5+ 21. gxf5 Nf8 22. Nh2 Nh7 23. Ng4 Be7 24. Kc2 Rad8 25. Kd3 Nf6 26. Nxf6+ {Ivanov,J (2398)-Delorme,A (2288) Pornic 2011 1-0 (90)}) 12. O-O (12. O-O-O $6 Bxc3 13. bxc3 Qa5 {[%csl Rc1]}) 12... Nxg3 13. hxg3 Bxd3 14. Qxd3 Nd7 15. g4 {White still tries to prepare an attack (g2-g3, g1-g2, f1-h1 and then at some point g4-g5) but that plan is too slow.} Re8 16. g3 Bxc3 17. bxc3 Nf6 18. g5 hxg5 19. Nxg5 Qd7 20. Kg2 Qg4 21. Nf3 Qe4 22. Qe2 $6 {Play with fire.} (22. Qxe4 $11) 22... Nh7 (22... g5 $142 $1 23. Kg1 Qg4 {[%cal Yg8g7,Ye8h8] , and it is Black who creates threats along the h-file - White must fight for equality.}) 23. Rh1 Ng5 24. a4 f6 25. Rh4 Qxf3+ 26. Qxf3 Nxf3 27. Kxf3 $11 {[%mdl 4096] The four-rook endgame is equal but Li Chao tries to outplay his opponent.} Kf7 28. Rhh1 Rac8 (28... Rh8 $142) 29. Ke2 Ke6 30. Rhb1 Re7 $6 {Black abandons the h-file and faces problems.} (30... b6 $142) 31. a5 Kd6 32. Ra3 Rb8 33. Kd3 Rc8 34. Rab3 Rcc7 35. Rh1 $16 Rc8 36. g4 c5 37. Rb5 Rec7 38. Ke2 cxd4 39. cxd4 Rc2+ 40. Kf3 Kc6 41. Rb3 Rd8 42. Kg3 Rc4 43. Kf4 Rd7 44. Kf5 Rc2 45. f4 Kd6 46. Rh8 Ke7 47. Rb8 Kf7 48. g5 g6+ 49. Kg4 f5+ 50. Kf3 Rcc7 51. Ra8 b6 52. axb6 Rb7 53. Rxa7 (53. Rb1 Rxb6 54. Rh1 Rbb7 55. Rh6 Rbc7 56. Rah8 Rc6 {, and White is unable to win the g6-pawn. He can only capture the a7-pawn, which leads to a position similar to the game. However, it is quite favourable for White.}) 53... Rxa7 54. bxa7 Rxa7 55. Rb5 Rd7 56. Rb6 Ra7 57. Rf6+ Kg7 58. Rd6 Ra5 59. Rc6 Ra7 60. Ke2 Kf7 61. Kd3 Ra3+ 62. Rc3 Ra7 63. Rc5 Ke6 64. Kc2 Ra3 65. Rc3 Ra7 66. Rc6+ Kf7 67. Rf6+ Kg7 68. Rd6 Ra3 69. Kd2 (69. Rxd5 $5 Rxe3 70. Rd7+ Kf8 71. d5) 69... Ra2+ 70. Kc3 Ra3+ 71. Kb4 Rxe3 72. Kc5 Re4 73. Kxd5 Rxf4 74. Rd7+ Kf8 75. Rd6 $6 {White starts a wrong plan.} (75. Ke5 $1 {was probably enough for a victory:} Re4+ (75... Ke8 76. Rd5 $1 {[%cal Ye5f6]}) 76. Kf6 f4 77. Kxg6 f3 (77... Re7 78. Rd8+ Re8 79. Rd6 Kg8 80. Kh6 Rf8 81. g6 f3 82. g7 Ra8 83. Rf6 f2 84. Kg6 f1=Q 85. Rxf1 Ra6+ 86. Rf6 Rd6 87. d5 Ra6 88. Kf5 $18) 78. Rf7+ $1 Kg8 79. d5 Rd4 80. Rc7 $1 Kf8 (80... Rf4 81. d6 f2 82. d7 Rf8 83. Rc1 $1 Kh8 84. Kh6 Kg8 85. g6 $22 Rd8 86. Rc8) 81. Rc8+ $1 Ke7 82. Rc6 $1 Rxd5 (82... Kf8 83. d6 Ke8 84. Rc8+ Kd7 85. Rf8 Rxd6+ 86. Kh7 Rd3 87. g6 $18) (82... f2 83. Rf6 Rd2 84. Kh6 {, and Black will be forced to swap the d- and f-pawns, with a hopeless ending.}) 83. Rf6 Rd3 (83... Rd6 84. Kg7 Rd5 85. g6 Rd3 86. Rf4 {[%cal Yg7h7]} Ke6 87. Kh6 Ke5 88. Kg5 $18 {[%cal Rg6g7]}) 84. Kg7 {[%cal Yg5g6] , and Black can't stop White's g-pawn without giving up her f-pawn.}) 75... Kf7 76. Kc6 $2 ({Missing an opportunity to correct his mistake:} 76. Rd7+ $1 {If} Ke8 {then} 77. Rg7 Rg4 78. Rxg6 f4 79. Ke6 Kf8 80. d5 f3 81. Rf6+ Ke8 82. d6 Re4+ 83. Kd5 Re3 84. g6 $18) 76... Rg4 $1 77. Rf6+ Ke7 78. d5 Rc4+ 79. Kb5 Rc1 80. Rxg6 f4 {White's king is cut off, which is the decisive factor here.} 81. Re6+ Kd7 82. Rf6 Rg1 83. Kc5 Rxg5 84. Rf7+ Ke8 85. Rxf4 Rg6 86. Ra4 Kd7 87. Ra7+ Kd8 88. Rb7 Rh6 89. Rg7 Rf6 90. Kd4 Rh6 91. Rf7 Ke8 92. Ra7 Kd8 93. Kc5 Rg6 94. Rf7 Rh6 95. Rg7 Rf6 1/2-1/2